Experimental psychologists finding out about experimental psychologists /
Saved in:
| Main Author: | |
|---|---|
| Format: | Electronic |
| Language: | English |
| Published: |
[Chicago, IL. :
Science Research Associates, Inc.,
c1962]
|
| Series: | Junior occupational briefs
Twentieth century advice literature |
| Subjects: | |
| Tags: |
Add Tag
No Tags, Be the first to tag this record!
|
| LEADER | 00936cam a22002532a 4500 | ||
|---|---|---|---|
| 001 | 014114277-4 | ||
| 005 | 20140712021036.0 | ||
| 008 | 130417s1962 ilu |ob |||||0|eng d | ||
| 040 | |a CUS |c CUS |d VaAlASP | ||
| 100 | 1 | |a Bricker, Harry. | |
| 245 | 1 | 0 | |a Experimental psychologists |h [electronic resource] : |b finding out about experimental psychologists / |c [Harry Bricker]. |
| 246 | 1 | |a Finding out about experimental psychologists | |
| 246 | 3 | |a Experimental psychologists | |
| 260 | |a [Chicago, IL. : |b Science Research Associates, Inc., |c c1962] | ||
| 300 | |a 1 online resource ([3] p.). | ||
| 490 | 0 | |a Junior occupational briefs | |
| 490 | 0 | |a Twentieth century advice literature | |
| 504 | |a Includes bibliographical references. | ||
| 546 | |a This edition in English. | ||
| 650 | 0 | |a Experimental psychologists. | |
| 730 | 0 | |a Twentieth century advice literature. |5 net | |
| 776 | 1 | |c Original |w (OCoLC)794383432 | |
| 988 | |a 20140712 | ||
| 906 | |0 OCLC | ||